000 00991nam a22002777a 4500
001 31246
003 BD-RjUL
005 20211209051657.0
008 140413s1950 enk db 001 0 eng d
035 _a(BD-RjUL) 31333
040 _aDLC
_cDLC
_beng
_dBD-RjUL
041 1 _aengpli
_hpli
082 0 4 _a294.382
_bDHA 1968
245 1 4 _aThe Dhammapada :
_bwith introductory essays, Pāli text, English translation, and notes /
_cby S. Radhakrishnan.
260 _aLondon ;
_aNew York :
_bOxford University Press,
_c1950. [Reprinted 1968]
300 _aviii, 194 p. ;
_c18 cm.
500 _aMaster microform held by: ICRL.
504 _aIncludes bibliographical references and index.
650 _a Buddhism -- Sacred books.
_995076
830 0 _vitem 07123.
_995084
700 1 _aRadhakrishnan, S.
_q(Sarvepalli),
_d1888-1975.
_94068
830 0 _aSAMP early 20th-century Indian books project ;
_995085
942 _2ddc
_cBK
999 _c31246
_d31246